00345nam a2200121Ia 4500008004100000245001400041260000900055300003000064440002400094650001400118999001900132952007200151180117s9999 xx 000 0 und d aCrossword c2017 a26 pages, 2017 January 22 aPhilippine Panorama aCROSSWORD c353640d353640 001040aCLbCLd2018-01-17l0r2018-01-17 00:00:00w2018-01-17ySE